| 000 | 00720nam a22002657a 4500 | ||
|---|---|---|---|
| 003 | CHAP | ||
| 005 | 20220817043349.0 | ||
| 008 | 971013s1981 r 00010 d | ||
| 010 | _a73251 | ||
| 011 | _a74223 | ||
| 035 | _a83782 | ||
| 040 | _cCHAP | ||
| 082 |
_a581.41 _bB3 |
||
| 100 | 0 | 0 |
_aBarnett, J. R. _eed. _910267 |
| 245 | _aXylem cell development | ||
| 260 |
_aLondon : _bCastle house, _c1981 |
||
| 300 |
_a307 p. _b: ilus. |
||
| 590 |
_aBATCH-UPD _b10 _c20130110 _lUCH01 _h0424 |
||
| 590 |
_aCONVERSION _b10 _c20130109 _lUCH01 _h1340 |
||
| 650 | 1 | 4 |
_aMadera _xEstructura. _969607 |
| 650 | 1 | 4 | _aXilema. |
| 901 | _aBK | ||
| 942 | _cLIBRO | ||
| 949 |
_a581.41 B3 _bBC _cLIBRO _d33724000540696 _eLIBRO _h62032 _i83782 _si |
||
| 999 |
_c73251 _d73251 |
||